Catalog

Record Details

Catalog Search



The search for the secret garden / Thea Stilton ; ... Read More

Stilton, Thea,(author.).
Brambilla, Valeria,(illustrator.). Grigoli, Elena,(illustrator.). ... Read More

Available copies

  • 5 of 6 copies available at LARL/NWRL Consortium.
  • 4 of 5 copies available at Lake Agassiz Regional Library. (Show preferred library)

Current holds

0 current holds with 6 total copies.

Show All Copies
Location Call Number / Copy Notes Barcode Shelving Location Status Due Date
Bagley Public Library J STI (Text) 33500014277024 New Available -
Climax Public Library J STI (Text) 33500014274575 New Available -
Detroit Lakes Public Library J STI (Text) 33500014274559 New Available -
Fosston Public Library J STI (Text) 33500014274567 New Available -
Red Lake Falls Public Library j STI (Text) 35500006878860 Main Available -

Record details

  • ISBN: 1546141812
  • ISBN: 9781546141815
  • Physical Description: 168 pages : color illustrations ; 20 cm.
  • Publisher: New York, NY : Scholastic, Inc., 2025.

Content descriptions

General Note:
English tranlation of: Appuntamento a Parigi. Originally published in Italy, c2023
"Based on an original idea by Elisabetta Dami" -- Title page verso
Summary, etc.:
"Join Thea Stilton and the Thea Sisters on an ... Read More
Language Note:
In English, translated from Italian.
Subject: Stilton, Thea > Juvenile fiction.
Mice > Juvenile fiction.
Sisters > Juvenile fiction.
Vacations > Juvenile fiction.
Paris (France) > Juvenile fiction.
Stilton, Thea > Fiction.
Mice > Fiction.
Sisters > Fiction.
Vacations > Fiction.
Mystery and detective stories.
Paris (France) > Fiction.
JUVENILE FICTION / Family / Siblings.
JUVENILE FICTION / Animals / Mice, Hamsters, Guinea Pigs, etc..
Genre: Animal fiction.
Detective and mystery fiction.
Action and adventure fiction.
LDR 03743cam a2200745 i 4500
001468208
003LARL_NWRL_CONSORTIUM
00520250801122724.0
008240802s2025 nyua j 000 1 eng d
040 . ‡aYDX ‡beng ‡erda ‡cYDX ‡dOCLCO ‡dIG# ‡dOCLCO ‡dLECLR ‡dOCLCO ‡dIA4 ‡dMWD ‡dHBP ‡dLMJ ‡dOPW ‡dRB0 ‡dTOH
020 . ‡a1546141812 ‡q(paperback)
020 . ‡a9781546141815 ‡q(paperback)
035 . ‡a(OCoLC)1450558267
0411 . ‡aeng ‡hita
08204. ‡a[Fic] ‡223/eng/20250618
1001 . ‡aStilton, Thea, ‡eauthor. ‡0(LARL_NWRL_CONSORTIUM)220782
24514. ‡aThe search for the secret garden / ‡cThea Stilton ; illustrations by Valeria Brambilla, Elena Grigoli, Valeria Cairoli, and Antonio Campo ; translated by Emily Clement
24634. ‡aThea Stilton and the search for the secret garden
264 1. ‡aNew York, NY : ‡bScholastic, Inc., ‡c2025.
264 4. ‡c©2025
300 . ‡a168 pages : ‡bcolor illustrations ; ‡c20 cm.
336 . ‡atext ‡btxt ‡2rdacontent
336 . ‡astill image ‡bsti ‡2rdacontent
337 . ‡aunmediated ‡bn ‡2rdamedia
338 . ‡avolume ‡bnc ‡2rdacarrier
4900 . ‡aThea Stilton ; ‡v38
500 . ‡aEnglish tranlation of: Appuntamento a Parigi. Originally published in Italy, c2023
500 . ‡a"Based on an original idea by Elisabetta Dami" -- Title page verso
520 . ‡a"Join Thea Stilton and the Thea Sisters on an adventure packed with mystery and friendship! The Thea Sisters are back in one of their favorite cities...Paris! They're shopping when they find a beautiful painting that lands them in the middle of a mystery and the whimsical search for a secret garden. Can the sisters piece together the answers before it's too late?"--Provided by publisher.
546 . ‡aIn English, translated from Italian.
60010. ‡aStilton, Thea ‡vJuvenile fiction.
650 0. ‡aMice ‡vJuvenile fiction. ‡0(LARL_NWRL_CONSORTIUM)166198
650 0. ‡aSisters ‡vJuvenile fiction. ‡0(LARL_NWRL_CONSORTIUM)167228
650 0. ‡aVacations ‡vJuvenile fiction.
651 0. ‡aParis (France) ‡vJuvenile fiction.
60011. ‡aStilton, Thea ‡vFiction.
650 1. ‡aMice ‡vFiction.
650 1. ‡aSisters ‡vFiction. ‡0(LARL_NWRL_CONSORTIUM)167281
650 1. ‡aVacations ‡vFiction. ‡0(LARL_NWRL_CONSORTIUM)167844
650 1. ‡aMystery and detective stories. ‡0(LARL_NWRL_CONSORTIUM)176113
651 1. ‡aParis (France) ‡vFiction. ‡0(LARL_NWRL_CONSORTIUM)166700
650 7. ‡aJUVENILE FICTION / Family / Siblings. ‡2bisacsh
650 7. ‡aJUVENILE FICTION / Animals / Mice, Hamsters, Guinea Pigs, etc.. ‡2bisacsh
655 7. ‡aAnimal fiction. ‡2lcgft
655 7. ‡aDetective and mystery fiction. ‡2lcgft
655 7. ‡aAction and adventure fiction. ‡2lcgft
7001 . ‡aBrambilla, Valeria, ‡eillustrator.
7001 . ‡aGrigoli, Elena, ‡eillustrator.
7001 . ‡aCairoli, Valeria, ‡eillustrator.
7001 . ‡aCampo, Antonio, ‡d1978-, ‡eillustrator.
7001 . ‡aClement, Emily ‡c(Translator), ‡etranslator.
7001 . ‡aDami, Elisabetta, ‡ecreator. ‡0(LARL_NWRL_CONSORTIUM)220777
901 . ‡a468208 ‡bAUTOGEN ‡c468208 ‡tbiblio

Additional Resources